| 000 | 00538nam a2200193 i 4500 | ||
|---|---|---|---|
| 001 | bgj | ||
| 245 | 0 | 0 |
_a50 [fifty] country quilting projects / _cedited by Margaret Echols. |
| 260 |
_aEmmaus, Pa : _bRodale Press, _cc. 1990. |
||
| 300 |
_aXXXII, 240 pp : _bill. ; _c29 cm. |
||
| 650 | 9 |
_aQuilting _xPatterns |
|
| 650 | 9 |
_aPatchwork _xPatterns |
|
| 700 | 1 |
_aECHOLS, Margaret. _eeditor |
|
| 020 | _a0878578862 | ||
| 040 | _cBPK | ||
| 041 | 0 | _aeng | |
| 920 | _a0-87857-886-2 | ||
| 942 | _cKS | ||
| 008 | s uk f |000 0 eng | ||
| 999 |
_c47543 _d47543 |
||
| 856 |
_uhttp://koha.tu.koszalin.pl/cgi-bin/koha/opac-detail.pl?biblionumber=47543 _yKatalog online BPK |
||